000 01060nmm a2200349 a 4500
001 ocm0002015595
003 TR-IsHL
005 20201028180039.0
008 181112s2017 tu tur
007 cr cn
020 _a9786059129770
035 _a2015595
_b(N$T)
050 0 4 _aHF5438
_b.K63 2017
090 0 4 _aHF5438
_b.K63 2017
100 1 _aKoç, Ufuk
245 1 0 _aKurşun işlemez satışçı
_h[electronic resource] /
_cUfuk Koç ; editör Selcen Özgen
250 _a1. Baskı
260 _aİstanbul :
_bAbaküs Yayınları,
_c2017
300 _a310 p.
500 _aKaynakça var.
650 4 _aEğitim
650 4 _aEducation
650 0 _aPazarlama yönetimi
650 0 _aMarketing management
650 0 _aPazarlama
650 0 _aMarketing
650 0 _aSatış yönetimi
650 0 _aSales management
650 7 _aBUSINESS & ECONOMICS / Sales & Selling / Management
_2bisacsh
700 1 _aÖzgen, Selcen
856 4 0 _uhttp://search.ebscohost.com/login.aspx?direct=true&scope=site&db=e011xww&AN=2015595
999 _c18957
_d18957